000 00475cam a2200193ua 4500
001 4211
005 20260515113813.0
008 111220n ii |||gr||||Z||||||asm
040 _cMAIN
082 _a891.4513
100 1 _aBhattacharyya, Dipika,
245 1 1 _aMohamoi nepal
_cby Dipika Bhattacharyya
250 _a1st.
260 _aGuwahati:
_bRunjun Prakashan,982.
300 _a141p:
_bill;
_c23cm.
653 _aAssamese novel
653 _aMohamoi nepal
942 _cBK
999 _c4029
_d4029